[Event "Titled Tuesday intern op 15th Aug Early"]
[Site "Chess.com INT"]
[Date "2023.08.15"]
[Round "6"]
[White "Dilmukhametov, Artur"]
[Black "White, John S"]
[Result "1/2-1/2"]
[WhiteElo "2276"]
[BlackElo "2235"]
[PlyCount "64"]
[EventDate "2023.08.15"]
[EventType "swiss (blitz)"]
[EventRounds "11"]
[EventCountry "USA"]
[SourceTitle "EXT 2024"]
[Source "ChessBase"]
[SourceDate "2023.10.10"]
[SourceVersion "1"]
[SourceVersionDate "2023.10.10"]
[SourceQuality "1"]

1. e4 c5 2. d4 cxd4 3. c3 Nf6 4. e5 Nd5 5. cxd4 e6 6. Nf3 d6 7. exd6 Bxd6 8. Nc3 Nxc3 9. bxc3 Nc6 10. Bd3 h6 11. 0-0 Qf6 12. Re1 0-0 13. Bc2 e5 14. Qd3 g6 15. dxe5 Nxe5 16. Nxe5 Bxe5 17. Bb2 Bf5 18. Qe2 Rfe8 19. Bxf5 Qxf5 20. Qd1 Qf4 21. g3 Qf6 22. Qb3 b6 23. Rab1 Rac8 24. c4 Bxb2 25. Rxe8+ Rxe8 26. Rxb2 Re1+ 27. Kg2 Qc6+ 28. Kh3 Qe6+ 29. Kg2 Qe4+ 30. Kh3 Qe6+ 31. Kg2 Qe4+ 32. Kh3 Qe6+ 1/2-1/2

[Event "Titled Tuesday intern op 06th Jun Early"]
[Site "Chess.com INT"]
[Date "2023.06.06"]
[Round "2"]
[White "White, John S"]
[Black "Bornholdt, Joa Max"]
[Result "0-1"]
[WhiteElo "2235"]
[BlackElo "2260"]
[PlyCount "108"]
[EventDate "2023.06.06"]
[EventType "swiss (blitz)"]
[EventRounds "11"]
[EventCountry "USA"]
[SourceTitle "EXT 2024"]
[Source "ChessBase"]
[SourceDate "2023.10.10"]
[SourceVersion "1"]
[SourceVersionDate "2023.10.10"]
[SourceQuality "1"]

1. e4 e5 2. Nf3 Nc6 3. d4 exd4 4. Nxd4 Bc5 5. Be3 Qf6 6. c3 Nge7 7. Bc4 0-0 8. 0-0 b6 9. Nb5 Bxe3 10. fxe3 Qe5 11. Nd2 a6 12. Nd4 Bb7 13. Qc2 Na5 14. Bd3 d5 15. N2f3 Qh5 16. exd5 Nxd5 17. Rae1 Rae8 18. Qd2 c5 19. Nb3 Nc6 20. e4 Nf6 21. Qe2 b5 22. Bb1 Ne5 23. Nxe5 Qxe2 24. Rxe2 Rxe5 25. Nd2 Rfe8 26. Rfe1 Kf8 27. h3 Ke7 28. Nf3 Re6 29. Ng5 Rb6 30. e5 Nd5 31. Nxh7 b4 32. cxb4 Rxb4 33. b3 Nf4 34. Rf2 a5 35. Ng5 a4 36. bxa4 Rxa4 37. Bc2 Rxa2 38. Rxf4 Rxc2 39. Rf2 Rxf2 40. Kxf2 Ra8 41. Re2 c4 42. Ne4 Ra3 43. Rc2 Bxe4 44. Rxc4 Bd5 45. Rc7+ Ke6 46. Rc8 Ra2+ 47. Kg3 Rxg2+ 48. Kf4 Rh2 49. Kg3 Rg2+ 50. Kh4 Rg1 51. Rc3 Kf5 52. Re3 Kf4 53. Re2 Bf3 54. Rf2 g5# 0-1

[Event "Titled Tuesday intern op 16th May Early"]
[Site "Chess.com INT"]
[Date "2023.05.16"]
[Round "5"]
[White "Ankudinova, Elena"]
[Black "White, John S"]
[Result "1-0"]
[WhiteElo "1947"]
[BlackElo "2235"]
[PlyCount "51"]
[EventDate "2023.05.16"]
[EventType "swiss (blitz)"]
[EventRounds "11"]
[EventCountry "USA"]
[SourceTitle "CBM 214 Extra"]
[Source "ChessBase"]
[SourceDate "2023.07.31"]
[SourceVersion "1"]
[SourceVersionDate "2023.07.31"]
[SourceQuality "1"]

1. Nf3 e6 2. c4 d5 3. cxd5 exd5 4. d4 Nf6 5. Nc3 Nc6 6. Bg5 Be7 7. e3 h6 8. Bxf6 Bxf6 9. Be2 0-0 10. 0-0 Bg4 11. a3 Re8 12. b4 a5 13. b5 Ne7 14. a4 Ng6 15. Qb3 Be6 16. Rac1 Qd6 17. Bd3 Nh4 18. Nd2 b6 19. Ne2 Nf5 20. Qc2 Rec8 21. Bxf5 Bxf5 22. Qxf5 Qb4 23. Nc3 c5 24. Nxd5 Qxd2 25. Nxb6 Rab8 26. Nxc8 1-0

[Event "Titled Tuesday intern op 16th May Early"]
[Site "Chess.com INT"]
[Date "2023.05.16"]
[Round "7"]
[White "White, John S"]
[Black "Lenoir Ibacache, Gabriel Alberto"]
[Result "0-1"]
[WhiteElo "2235"]
[BlackElo "2225"]
[PlyCount "78"]
[EventDate "2023.05.16"]
[EventType "swiss (blitz)"]
[EventRounds "11"]
[EventCountry "USA"]
[SourceTitle "CBM 214 Extra"]
[Source "ChessBase"]
[SourceDate "2023.07.31"]
[SourceVersion "1"]
[SourceVersionDate "2023.07.31"]
[SourceQuality "1"]

1. e4 c5 2. Nf3 d6 3. d4 cxd4 4. Nxd4 Nf6 5. Nc3 a6 6. Be3 e5 7. Nb3 Be7 8. f3 Be6 9. Be2 0-0 10. 0-0 b5 11. Nd5 Bxd5 12. exd5 Nbd7 13. c4 bxc4 14. Bxc4 Nb6 15. Qd3 Nxc4 16. Qxc4 a5 17. Rac1 a4 18. Nd2 Qa5 19. Bg5 Nxd5 20. Bxe7 Nxe7 21. Rfd1 d5 22. Qc7 Ng6 23. Qxa5 Rxa5 24. Rc7 h5 25. Rdc1 Rb5 26. b3 axb3 27. axb3 Ra8 28. R7c5 Rxc5 29. Rxc5 Rd8 30. b4 Nf4 31. b5 f6 32. b6 Rb8 33. Rc6 Kf8 34. Nb3 Ke7 35. Nc5 Ne2+ 36. Kf2 Nd4 37. Rc7+ Kd6 38. Na6 Rxb6 39. Rxg7 Rxa6 0-1

[Event "Titled Tuesday intern op 16th May Early"]
[Site "Chess.com INT"]
[Date "2023.05.16"]
[Round "4"]
[White "White, John S"]
[Black "Mikhailova, Irina"]
[Result "0-1"]
[WhiteElo "2235"]
[BlackElo "2257"]
[PlyCount "78"]
[EventDate "2023.05.16"]
[EventType "swiss (blitz)"]
[EventRounds "11"]
[EventCountry "USA"]
[SourceTitle "CBM 214 Extra"]
[Source "ChessBase"]
[SourceDate "2023.07.31"]
[SourceVersion "1"]
[SourceVersionDate "2023.07.31"]
[SourceQuality "1"]

1. e4 c5 2. Nf3 Nc6 3. d4 cxd4 4. Nxd4 e5 5. Nb5 d6 6. N1c3 a6 7. Na3 b5 8. Nd5 Nge7 9. c3 Nxd5 10. exd5 Ne7 11. Nc2 Nf5 12. Bd3 Be7 13. 0-0 0-0 14. Ne3 Nxe3 15. fxe3 f5 16. Bc2 Bg5 17. e4 Bxc1 18. Rxc1 f4 19. Qf3 Bd7 20. Ra1 Qg5 21. a4 Rad8 22. axb5 axb5 23. Ra6 Rf6 24. Rfa1 Bg4 25. Qf2 f3 26. g3 h5 27. Ra8 Rxa8 28. Rxa8+ Kh7 29. Rb8 h4 30. Rxb5 Rg6 31. Kf1 hxg3 32. hxg3 Bh3+ 33. Ke1 Qc1+ 34. Bd1 Bg2 35. Rb6 Rh6 36. Qg1 Rh1 37. Qxh1+ Bxh1 38. Rxd6 Qe3+ 39. Kf1 Bg2# 0-1

[Event "Titled Tuesday intern op 25th Apr Early"]
[Site "Chess.com INT"]
[Date "2023.04.25"]
[Round "9"]
[White "Pandey, Srishti"]
[Black "White, John S"]
[Result "1-0"]
[WhiteElo "2174"]
[BlackElo "2235"]
[PlyCount "43"]
[EventDate "2023.04.25"]
[EventType "swiss (blitz)"]
[EventRounds "11"]
[EventCountry "USA"]
[SourceTitle "EXT 2024"]
[Source "ChessBase"]
[SourceDate "2023.10.10"]
[SourceVersion "1"]
[SourceVersionDate "2023.10.10"]
[SourceQuality "1"]

1. e4 e6 2. d4 d5 3. Nc3 Bb4 4. e5 c5 5. a3 Bxc3+ 6. bxc3 Ne7 7. Qg4 0-0 8. h4 Nbc6 9. h5 cxd4 10. Bh6 g6 11. Bxf8 Qxf8 12. cxd4 Nf5 13. c3 Qh6 14. Bd3 Kf8 15. Ne2 Bd7 16. Rb1 Na5 17. Rh3 Rc8 18. Nf4 Qg7 19. hxg6 fxg6 20. Qg5 Rxc3 21. Qd8+ Be8 22. Nxe6+ 1-0

[Event "Titled Tuesday intern op 25th Apr Early"]
[Site "Chess.com INT"]
[Date "2023.04.25"]
[Round "1"]
[White "Risteski, Emil"]
[Black "White, John S"]
[Result "1-0"]
[WhiteElo "2366"]
[BlackElo "2235"]
[PlyCount "51"]
[EventDate "2023.04.25"]
[EventType "swiss (blitz)"]
[EventRounds "11"]
[EventCountry "USA"]
[SourceTitle "EXT 2024"]
[Source "ChessBase"]
[SourceDate "2023.10.10"]
[SourceVersion "1"]
[SourceVersionDate "2023.10.10"]
[SourceQuality "1"]

1. c4 e6 2. d4 d5 3. cxd5 exd5 4. Nc3 Nf6 5. Bg5 c6 6. e3 Bf5 7. Qf3 Bg6 8. Bxf6 Qxf6 9. Qxf6 gxf6 10. Nge2 Na6 11. h4 Nb4 12. Kd2 Nd3 13. Nd1 h5 14. a3 Bh6 15. Nec3 Nf4 16. exf4 Bxf4+ 17. Ne3 0-0-0 18. g3 Bh6 19. Bd3 Rde8 20. f4 Be4 21. Rhe1 f5 22. Nxf5 Kd7 23. Nxe4 dxe4 24. Bxe4 Re6 25. Bd3 Rhe8 26. Bc4 1-0

[Event "Titled Tuesday intern op 27th Dec Early"]
[Site "Chess.com INT"]
[Date "2022.12.27"]
[Round "6"]
[White "Dilmukhametov, Artur"]
[Black "White, John S"]
[Result "1/2-1/2"]
[WhiteElo "2276"]
[BlackElo "2235"]
[PlyCount "90"]
[EventDate "2022.12.27"]
[EventType "swiss (blitz)"]
[EventRounds "11"]
[EventCountry "USA"]
[SourceTitle "EXT 2024"]
[Source "ChessBase"]
[SourceDate "2023.10.10"]
[SourceVersion "1"]
[SourceVersionDate "2023.10.10"]
[SourceQuality "1"]

1. d4 Nf6 2. Nc3 d5 3. Bf4 e6 4. e3 Bd6 5. Bxd6 Qxd6 6. Nf3 c6 7. Bd3 Nbd7 8. Qe2 0-0 9. 0-0 e5 10. e4 exd4 11. e5 Nxe5 12. Qxe5 Qxe5 13. Nxe5 dxc3 14. bxc3 Re8 15. Rfe1 Bg4 16. g3 Bh5 17. c4 Bg6 18. cxd5 Nxd5 19. Nxg6 hxg6 20. c4 Nb4 21. Bf1 Nc2 22. Rxe8+ Rxe8 23. Rc1 Nd4 24. Kg2 c5 25. Rb1 b6 26. a4 Nc6 27. Bd3 Nb4 28. Bf1 Re4 29. Rd1 Rd4 30. Re1 Kf8 31. f4 Rd2+ 32. Kh3 Ra2 33. Rd1 Rxa4 34. Rd7 Ke8 35. Rb7 Nc6 36. Kg4 Nd4 37. Bd3 Rb4 38. Rxa7 Rb3 39. Bf1 Rb1 40. Bd3 Nc6 41. Ra8+ Kd7 42. Be4 Re1 43. Bxc6+ Kxc6 44. Rc8+ Kd7 45. Rb8 Kc7 1/2-1/2

[Event "Titled Tuesday intern op 27th Dec Early"]
[Site "Chess.com INT"]
[Date "2022.12.27"]
[Round "10"]
[White "Roque Sola, Jose Luis"]
[Black "White, John S"]
[Result "1-0"]
[WhiteElo "2217"]
[BlackElo "2235"]
[PlyCount "171"]
[EventDate "2022.12.27"]
[EventType "swiss (blitz)"]
[EventRounds "11"]
[EventCountry "USA"]
[SourceTitle "EXT 2024"]
[Source "ChessBase"]
[SourceDate "2023.10.10"]
[SourceVersion "1"]
[SourceVersionDate "2023.10.10"]
[SourceQuality "1"]

1. c4 e6 2. Nf3 d5 3. b3 Nf6 4. Bb2 c5 5. e3 Nc6 6. cxd5 exd5 7. d4 Be6 8. dxc5 Bxc5 9. Be2 0-0 10. 0-0 Rc8 11. Nc3 a6 12. a3 d4 13. Na4 Ba7 14. exd4 b5 15. Nc5 Bxc5 16. dxc5 Na5 17. b4 Nc4 18. Qxd8 Rfxd8 19. Bxf6 gxf6 20. Bxc4 Bxc4 21. Rfd1 Be2 22. Rxd8+ Rxd8 23. Nh4 Rd3 24. f3 Rb3 25. Kf2 Bc4 26. Nf5 Be6 27. Ne7+ Kf8 28. Nc6 Rd3 29. Nb8 Bc8 30. Ke2 Rb3 31. Ra2 Ke8 32. Nc6 Bd7 33. Nd4 Rc3 34. Kd2 Rc4 35. Ke3 Ke7 36. Rd2 Rc3+ 37. Rd3 Rc1 38. Kf4 Rc4 39. Kg3 Rc1 40. Re3+ Kf8 41. Ne2 Rc4 42. Nf4 Rc2 43. Nd5 Kg7 44. Re7 Be6 45. Nc7 Rc3 46. Nxe6+ Kg6 47. Nf4+ Kf5 48. Rxf7 Rxa3 49. Nd5 Rd3 50. Nc7 a5 51. bxa5 Kg6 52. Re7 f5 53. Re2 Ra3 54. Rc2 Rxa5 55. c6 b4 56. Ne6 Kf6 57. c7 Ra8 58. c8Q Rxc8 59. Rxc8 Kxe6 60. Rb8 Kd5 61. Rxb4 Kc5 62. Rb7 Kd6 63. Rxh7 Ke6 64. Rh5 Ke5 65. Rxf5+ Kxf5 66. h4 Kg6 67. Kg4 Kh6 68. h5 Kg7 69. Kg5 Kh7 70. h6 Kg8 71. f4 Kh7 72. f5 Kg8 73. Kg6 Kh8 74. f6 Kg8 75. g4 Kh8 76. Kf7 Kh7 77. Ke8 Kxh6 78. f7 Kg5 79. f8Q Kxg4 80. Qf6 Kg3 81. Qf5 Kg2 82. Qf4 Kh3 83. Qg5 Kh2 84. Ke7 Kh3 85. Ke6 Kh2 86. Kf5 1-0

[Event "Titled Tuesday intern op 27th Dec Late"]
[Site "Chess.com INT"]
[Date "2022.12.27"]
[Round "1"]
[White "White, John S"]
[Black "Fiorito, Joaquin"]
[Result "0-1"]
[WhiteElo "2235"]
[BlackElo "2328"]
[PlyCount "50"]
[EventDate "2022.12.27"]
[EventType "swiss (blitz)"]
[EventRounds "11"]
[EventCountry "USA"]
[SourceTitle "EXT 2024"]
[Source "ChessBase"]
[SourceDate "2023.10.10"]
[SourceVersion "1"]
[SourceVersionDate "2023.10.10"]
[SourceQuality "1"]

1. e4 c6 2. d4 d5 3. Nc3 dxe4 4. Nxe4 Bf5 5. Nc5 b6 6. Nb3 e6 7. Nf3 Nf6 8. Bf4 Bd6 9. Bxd6 Qxd6 10. Bd3 Bg4 11. 0-0 0-0 12. h3 Bh5 13. Re1 Nbd7 14. Be2 Rad8 15. c3 Qc7 16. Ne5 Nxe5 17. Bxh5 Nc4 18. Rb1 c5 19. Qe2 cxd4 20. Nxd4 e5 21. Nb5 Qc5 22. a4 Rd2 23. Qf3 Nxh5 24. Qxh5 Qxf2+ 25. Kh1 Qxg2# 0-1

[Event "Titled Tuesday intern op 27th Dec Early"]
[Site "Chess.com INT"]
[Date "2022.12.27"]
[Round "5"]
[White "White, John S"]
[Black "Warchol, Kamil"]
[Result "0-1"]
[WhiteElo "2235"]
[BlackElo "2164"]
[PlyCount "86"]
[EventDate "2022.12.27"]
[EventType "swiss (blitz)"]
[EventRounds "11"]
[EventCountry "USA"]
[SourceTitle "EXT 2024"]
[Source "ChessBase"]
[SourceDate "2023.10.10"]
[SourceVersion "1"]
[SourceVersionDate "2023.10.10"]
[SourceQuality "1"]

1. e4 c5 2. Nf3 d6 3. d4 cxd4 4. Nxd4 Nf6 5. Nc3 Nc6 6. Be3 Ng4 7. Bg5 h6 8. Bh4 g5 9. Bg3 Bg7 10. Nxc6 bxc6 11. Qd2 Qb6 12. 0-0-0 Rb8 13. b3 Qb4 14. h3 Bxc3 15. Qxc3 Qxc3 16. hxg4 Bxg4 17. Rd3 Qa1+ 18. Kd2 Qd1+ 19. Kc3 Qa1+ 20. Kd2 Qxa2 21. e5 d5 22. e6 Bxe6 23. Bxb8 Bf5 24. Rc3 Qa5 25. Be5 f6 26. Bd4 e5 27. Bc5 d4 28. b4 dxc3+ 29. Kxc3 Qa1+ 30. Kd2 Qa2 31. Bd3 Bxd3 32. Kxd3 Kf7 33. Re1 Rd8+ 34. Kc3 Qa3+ 35. Kc4 a5 36. Re3 Qa2+ 37. Kc3 axb4+ 38. Bxb4 c5 39. Bxc5 Rc8 40. Kb4 Rxc5 41. Kxc5 Qxc2+ 42. Kb5 Qxf2 43. Rc3 Qxg2 0-1

[Event "Titled Tuesday intern op 20th Dec Early"]
[Site "Chess.com INT"]
[Date "2022.12.20"]
[Round "1"]
[White "Bilan, Danila"]
[Black "White, John S"]
[Result "1-0"]
[WhiteElo "2303"]
[BlackElo "2235"]
[PlyCount "37"]
[EventDate "2022.12.20"]
[EventType "swiss (blitz)"]
[EventRounds "11"]
[EventCountry "USA"]
[SourceTitle "EXT 2024"]
[Source "ChessBase"]
[SourceDate "2023.10.10"]
[SourceVersion "1"]
[SourceVersionDate "2023.10.10"]
[SourceQuality "1"]

1. d4 Nf6 2. Nf3 g6 3. Bg5 Bg7 4. c3 d6 5. Nbd2 0-0 6. e4 c5 7. dxc5 dxc5 8. Qc2 Nc6 9. Bc4 a6 10. a4 Bg4 11. 0-0 h6 12. Bh4 g5 13. Bg3 Bh5 14. e5 Ng4 15. Rfe1 Bg6 16. Qxg6 Ngxe5 17. Nxe5 Nxe5 18. Bxe5 Qxd2 19. Qxg7# 1-0

[Event "Titled Tuesday intern op 20th Dec Early"]
[Site "Chess.com INT"]
[Date "2022.12.20"]
[Round "10"]
[White "Osmonbekov, Talaibek D"]
[Black "White, John S"]
[Result "1-0"]
[WhiteElo "2137"]
[BlackElo "2235"]
[PlyCount "75"]
[EventDate "2022.12.20"]
[EventType "swiss (blitz)"]
[EventRounds "11"]
[EventCountry "USA"]
[SourceTitle "EXT 2024"]
[Source "ChessBase"]
[SourceDate "2023.10.10"]
[SourceVersion "1"]
[SourceVersionDate "2023.10.10"]
[SourceQuality "1"]

1. d4 e6 2. Bf4 d5 3. Nc3 c5 4. e3 Nc6 5. Nb5 e5 6. Bxe5 Nxe5 7. dxe5 Qa5+ 8. Nc3 Be6 9. Bb5+ Kd8 10. Nf3 Ne7 11. 0-0 g6 12. Bc4 a6 13. Nxd5 Nxd5 14. Bxd5 Kc7 15. Bxe6 fxe6 16. Ng5 Qb6 17. Qg4 Re8 18. Rad1 h6 19. Nf7 Rg8 20. Nd6 Bxd6 21. exd6+ Kd7 22. Qf4 Rg7 23. Qxh6 Reg8 24. b3 g5 25. e4 c4 26. bxc4 Qc5 27. Rb1 b5 28. cxb5 axb5 29. a4 b4 30. a5 Rg6 31. Qh7+ R8g7 32. Qh8 Rg8 33. Qb2 Rb8 34. a6 Kxd6 35. Rfd1+ Ke7 36. a7 Qxa7 37. Qe5 Qc5 38. Qxc5+ 1-0

[Event "Titled Tuesday intern op 20th Dec Late"]
[Site "Chess.com INT"]
[Date "2022.12.20"]
[Round "3"]
[White "White, John S"]
[Black "Ankerst, Mihael"]
[Result "0-1"]
[WhiteElo "2235"]
[BlackElo "2370"]
[PlyCount "56"]
[EventDate "2022.12.20"]
[EventType "swiss (blitz)"]
[EventRounds "11"]
[EventCountry "USA"]
[SourceTitle "EXT 2024"]
[Source "ChessBase"]
[SourceDate "2023.10.10"]
[SourceVersion "1"]
[SourceVersionDate "2023.10.10"]
[SourceQuality "1"]

1. e4 c5 2. Nf3 Qb6 3. Nc3 Nc6 4. g3 e6 5. Bg2 d6 6. 0-0 Nf6 7. Re1 Be7 8. e5 dxe5 9. Nxe5 Nxe5 10. Rxe5 Bd7 11. d3 Bc6 12. Bxc6+ Qxc6 13. Qe2 0-0 14. Bg5 h6 15. Bd2 Rfd8 16. Ne4 Nd5 17. Nc3 Nf6 18. Ne4 Nd7 19. Rh5 f5 20. Nc3 Bf6 21. Re1 Re8 22. Bxh6 Ne5 23. Rd1 Nf3+ 24. Kf1 gxh6 25. Rxh6 Bg7 26. Rh3 Rad8 27. g4 Nd4 28. Qe3 Qh1# 0-1

[Event "Titled Tuesday intern op 20th Dec Early"]
[Site "Chess.com INT"]
[Date "2022.12.20"]
[Round "11"]
[White "White, John S"]
[Black "Broca Jimenez, Fernando"]
[Result "0-1"]
[WhiteElo "2235"]
[BlackElo "2075"]
[PlyCount "104"]
[EventDate "2022.12.20"]
[EventType "swiss (blitz)"]
[EventRounds "11"]
[EventCountry "USA"]
[SourceTitle "EXT 2024"]
[Source "ChessBase"]
[SourceDate "2023.10.10"]
[SourceVersion "1"]
[SourceVersionDate "2023.10.10"]
[SourceQuality "1"]

1. e4 c5 2. Nf3 g6 3. d4 cxd4 4. Nxd4 Nc6 5. Nc3 Nf6 6. Be3 Bg7 7. Be2 0-0 8. 0-0 d5 9. exd5 Nxd5 10. Nxd5 Qxd5 11. Bf3 Qd7 12. Nxc6 bxc6 13. Qxd7 Bxd7 14. c3 Rab8 15. Rab1 Bf5 16. Rbd1 Rxb2 17. Bxc6 Bxc3 18. Bxa7 Rxa2 19. Be3 Bf6 20. Bf3 Be6 21. Rc1 Rd8 22. Rfd1 Rxd1+ 23. Rxd1 Ra1 24. Rxa1 Bxa1 25. Bc5 Bf6 26. Kf1 Bf5 27. Ke2 e5 28. Bd5 Kg7 29. f3 Bg5 30. Bb3 Bd7 31. Bb4 Bb5+ 32. Ke1 f5 33. Bc3 Bf6 34. Kf2 Be8 35. g3 Bf7 36. Bxf7 Kxf7 37. Ke3 Ke6 38. Kf2 Be7 39. Ke3 Bc5+ 40. Kd3 Kd5 41. h3 h5 42. Be1 e4+ 43. fxe4+ fxe4+ 44. Ke2 Ke5 45. Bd2 Kf5 46. Bf4 g5 47. Bc7 g4 48. hxg4+ hxg4 49. Bf4 Bd4 50. Kd2 Be5 51. Ke3 Bxf4+ 52. gxf4 g3 0-1

[Event "Titled Tuesday intern op 20th Dec Late"]
[Site "Chess.com INT"]
[Date "2022.12.20"]
[Round "6"]
[White "White, John S"]
[Black "Marcolino, Daniel Mattos"]
[Result "0-1"]
[WhiteElo "2235"]
[BlackElo "2006"]
[PlyCount "94"]
[EventDate "2022.12.20"]
[EventType "swiss (blitz)"]
[EventRounds "11"]
[EventCountry "USA"]
[SourceTitle "EXT 2024"]
[Source "ChessBase"]
[SourceDate "2023.10.10"]
[SourceVersion "1"]
[SourceVersionDate "2023.10.10"]
[SourceQuality "1"]

1. e4 c6 2. d4 d5 3. Nc3 dxe4 4. Nxe4 Nd7 5. Nf3 Ngf6 6. Nxf6+ Nxf6 7. c4 Bg4 8. Be2 e6 9. 0-0 Be7 10. h3 Bh5 11. Be3 0-0 12. Qb3 Qc7 13. Rad1 Rfd8 14. Rfe1 Rab8 15. a4 b5 16. axb5 cxb5 17. cxb5 Nd5 18. Ne5 Bxe2 19. Rxe2 Rb6 20. Rc2 Qb7 21. Nc6 Re8 22. Qa4 Bd6 23. Qxa7 Rxb5 24. Qxb7 Rxb7 25. Rdc1 h5 26. Ne5 Rb3 27. Nc4 Nxe3 28. fxe3 Be7 29. Rc3 Rb4 30. Ne5 Rxb2 31. Nc6 Bf6 32. e4 Kh7 33. e5 Bg5 34. R1c2 Rxc2 35. Rxc2 Rc8 36. Nb4 Rxc2 37. Nxc2 Kg6 38. Kf2 Kf5 39. Kf3 Bc1 40. g4+ Kg5 41. Nb4 Bb2 42. Nc2 hxg4+ 43. hxg4 g6 44. Kg3 Bc1 45. Kf3 Bd2 46. Kg3 Bf4+ 47. Kf3 Bh2 0-1

[Event "Titled Tuesday intern op 20th Dec Early"]
[Site "Chess.com INT"]
[Date "2022.12.20"]
[Round "2"]
[White "White, John S"]
[Black "Sai, Han Thiha"]
[Result "0-1"]
[WhiteElo "2235"]
[BlackElo "2070"]
[PlyCount "64"]
[EventDate "2022.12.20"]
[EventType "swiss (blitz)"]
[EventRounds "11"]
[EventCountry "USA"]
[SourceTitle "EXT 2024"]
[Source "ChessBase"]
[SourceDate "2023.10.10"]
[SourceVersion "1"]
[SourceVersionDate "2023.10.10"]
[SourceQuality "1"]

1. e4 c6 2. d3 d5 3. Nd2 e5 4. Ngf3 Bd6 5. g3 Nf6 6. Bg2 0-0 7. 0-0 Re8 8. Qe2 Nbd7 9. Nb3 d4 10. Bg5 h6 11. Bd2 c5 12. c4 Rb8 13. a4 Nf8 14. a5 b5 15. axb6 axb6 16. Ra2 b5 17. Na5 Qb6 18. Rfa1 Be6 19. b3 b4 20. Nh4 Ra8 21. Nf5 Ra7 22. Nxd6 Qxd6 23. f4 Bg4 24. Qf2 N6d7 25. fxe5 Nxe5 26. Bf4 Nfg6 27. Qd2 Qb6 28. h3 Bxh3 29. Kh2 Bxg2 30. Kxg2 Rea8 31. Bxe5 Nxe5 32. Qf4 f6 0-1

[Event "Titled Tuesday intern op 20th Dec Late"]
[Site "Chess.com INT"]
[Date "2022.12.20"]
[Round "7"]
[White "White, John S"]
[Black "Stead, Kerry"]
[Result "1-0"]
[WhiteElo "2235"]
[BlackElo "1952"]
[PlyCount "93"]
[EventDate "2022.12.20"]
[EventType "swiss (blitz)"]
[EventRounds "11"]
[EventCountry "USA"]
[SourceTitle "EXT 2024"]
[Source "ChessBase"]
[SourceDate "2023.10.10"]
[SourceVersion "1"]
[SourceVersionDate "2023.10.10"]
[SourceQuality "1"]

1. e4 e5 2. Nf3 Nc6 3. Bc4 Nf6 4. Ng5 d5 5. exd5 b5 6. Bf1 Nxd5 7. d3 Be7 8. Ne4 a6 9. Nbc3 Nxc3 10. Nxc3 Be6 11. Be2 Nd4 12. Be3 Nxe2 13. Qxe2 0-0 14. 0-0 f5 15. f4 exf4 16. Bxf4 Bc5+ 17. Kh1 Re8 18. Qf3 Qf6 19. Rae1 b4 20. Na4 Bd6 21. Bxd6 cxd6 22. Re2 Rab8 23. Rfe1 Bf7 24. Rxe8+ Rxe8 25. Rxe8+ Bxe8 26. Qa8 Qe5 27. h3 Kf7 28. Qxa6 h5 29. b3 h4 30. Qc4+ Kf8 31. Qxb4 g5 32. Qc3 Bxa4 33. Qxe5 dxe5 34. bxa4 Ke7 35. Kg1 Kd6 36. Kf2 Kc5 37. Ke3 Kb4 38. d4 exd4+ 39. Kxd4 Kxa4 40. Ke5 g4 41. Kxf5 gxh3 42. gxh3 Ka3 43. Kg4 Kxa2 44. Kxh4 Ka3 45. Kg5 Kb4 46. h4 Kc3 47. h5 1-0

[Event "Titled Tuesday intern op 04th Oct Early"]
[Site "Chess.com INT"]
[Date "2022.10.04"]
[Round "3"]
[White "Dushyant, Sharma"]
[Black "White, John S"]
[Result "1-0"]
[WhiteElo "2370"]
[BlackElo "2235"]
[PlyCount "67"]
[EventDate "2022.10.04"]
[EventType "swiss (blitz)"]
[EventRounds "11"]
[EventCountry "USA"]
[SourceTitle "EXT 2023"]
[Source "ChessBase"]
[SourceDate "2022.10.05"]
[SourceVersion "1"]
[SourceVersionDate "2022.10.05"]
[SourceQuality "1"]

1. e4 e6 2. d4 d5 3. exd5 exd5 4. Bd3 Bd6 5. Nf3 Be6 6. 0-0 Nf6 7. c3 0-0 8. Bg5 h6 9. Bh4 c5 10. Ne5 Nc6 11. f4 cxd4 12. Nxc6 bxc6 13. cxd4 Be7 14. Kh1 Qb6 15. b3 Kh8 16. Bc2 c5 17. Nd2 cxd4 18. Nf3 Rfe8 19. Nxd4 Ne4 20. Bxe7 Rxe7 21. Bxe4 dxe4 22. f5 Bd5 23. f6 Re5 24. fxg7+ Kxg7 25. Rf5 Rae8 26. Rxe5 Rxe5 27. Ne2 Rg5 28. Qd2 Qf2 29. Rg1 e3 30. Qd4+ Kg8 31. Nf4 Bxg2+ 32. Nxg2 Rxg2 33. Rxg2+ Qxg2+ 34. Kxg2 1-0